Valuation of Unregistered Lands (Record no. 121716)
[ view plain ]
| 000 -LEADER | |
|---|---|
| fixed length control field | 01335nam a22002657a 4500 |
| 008 - FIXED-LENGTH DATA ELEMENTS--GENERAL INFORMATION | |
| fixed length control field | 231113s2013 xxk|||||o|||| 00| 0 eng d |
| 041 ## - LANGUAGE CODE | |
| Language code of text/sound track or separate title | eng |
| 110 ## - MAIN ENTRY--CORPORATE NAME | |
| Corporate author | Royal Institution of Chartered Surveyors |
| 245 ## - TITLE STATEMENT | |
| Title | Valuation of Unregistered Lands |
| Medium | [Electronic resource] |
| 260 ## - PUBLICATION INFORMATION | |
| Place of publication | London, |
| Publisher | Royal Institution of Chartered Surveyors, |
| Date | February 2013 |
| 300 ## - PHYSICAL DESCRIPTION | |
| Physical description | 52p. |
| 490 ## - SERIES TITLE | |
| Series statement | RICS Research |
| 520 ## - ABSTRACT | |
| Abstract | The project’s main goal was to support vulnerable sections of Kenyan society; concentrating on the relationship between traditional customary rights, gender and asset values. Unregistered land (whether rural customary land or urban land squatted upon) is difficult to value because of the uncertainty of title. Using Keny as a case study it was intended that the methods developed would be applicable to other countries. |
| 600 ## - SUBJECT ADDED ENTRY--PERSONAL NAME | |
| Personal name | Nzioki, Nicky |
| 600 ## - SUBJECT ADDED ENTRY--PERSONAL NAME | |
| Personal name | Swazuri, Muhammad |
| 600 ## - SUBJECT ADDED ENTRY--PERSONAL NAME | |
| Personal name | Tracey-White, John |
| 600 ## - SUBJECT ADDED ENTRY--PERSONAL NAME | |
| Personal name | Yahya, Saad |
| 650 ## - KEYWORDS | |
| Keywords | VALUATION METHODS |
| 650 ## - KEYWORDS | |
| Keywords | LAND VALUATION |
| 650 ## - KEYWORDS | |
| Keywords | UNREGISTERED LAND |
| 651 ## - SUBJECT ADDED ENTRY--GEOGRAPHIC NAME | |
| Geographic name | Kenya |
| 710 ## - ADDED CORPORATE NAME | |
| Added corporate author | Royal Institution of Chartered Surveyors |
| 856 ## - ONLINE RESOURCE | |
| Uniform Resource Identifier | <a href="https://www.rics.org/profession-standards/knowledge-and-information-services/document-delivery-and-other-kis-fees">https://www.rics.org/profession-standards/knowledge-and-information-services/document-delivery-and-other-kis-fees</a> |
| Public note | email [email protected] to request a digital copy |
| 942 ## - ADDED ENTRY ELEMENTS (KOHA) | |
| Suppress in OPAC | Do not suppress in OPAC |
| Lost status | Damaged status | Not for loan | Current library | Shelving location | Date acquired | Total Checkouts | Full call number | Date last seen | Price effective from | Koha item type | Public note |
|---|---|---|---|---|---|---|---|---|---|---|---|
| Virtual | Online | 13/11/2023 | SCAN | 13/11/2023 | 13/11/2023 | Online material | Please contact [email protected] to request a digital copy |